All I Do Is Win - DJ Khaled Feat. Ludacris & Snoop Dogg - All Lyrics - Statistics

General Stats
  • This quiz has been taken 29 times
  • The average score is 503 of 713
Answer Stats
Answer % Correct
a
100%
Al
100%
All
100%
all
100%
And
100%
and
100%
do
100%
do,
100%
every
100%
go
100%
hands
100%
I
100%
I,
100%
is
100%
matter
100%
my
100%
My
100%
no
100%
no-no
100%
n****s
100%
"Oh
100%
on
100%
the
100%
time
100%
Time
100%
U
100%
up
100%
(Up,
100%
up,
100%
up”
100%
what
100%
(What)
100%
win,
100%
win
100%
(Win),
100%
win!
100%
win"
100%
y'all
100%
in
96%
money
96%
everybody
92%
Got
92%
stay
92%
they
92%
down,
88%
down)
88%
down
88%
(Down),
88%
never
88%
step
88%
there
88%
(There)
88%
at
85%
building
85%
'Cause
85%
'cause
85%
get
85%
mind,
85%
air,
81%
air
81%
can
81%
'em
77%
'em,
77%
it
77%
"Yeah!"
77%
(Yeah!),
77%
(Yeah)
77%
(Yeah),
77%
say,
73%
yo'
73%
you
73%
You
73%
you,
73%
be
69%
if
69%
put
69%
lo-lo,
65%
make
65%
Make
65%
me
65%
me,
65%
me's
65%
to
65%
We
65%
we
65%
enough
62%
('Nough)
62%
so
62%
that
62%
won't
62%
your
62%
now
58%
Now
58%
been
54%
fo'-fo',
54%
goin'
54%
lick,
54%
like
54%
this
54%
but
50%
for
50%
it's
50%
Luda
50%
stop
50%
Can't
46%
I'm
46%
of
46%
sayin'
46%
sky
46%
was
46%
Don’t
42%
Don't
42%
"Just
42%
know
42%
verse
42%
want
42%
with
42%
Ludacris
38%
said
38%
she
38%
as
35%
gettin'
35%
her
35%
see
35%
us,
35%
bitch
31%
bitch,
31%
defeated
31%
holla
31%
Last
31%
mud
31%
(Mud
31%
out,
31%
out
31%
twenty
31%
better
27%
booties
27%
head
27%
Keep
27%
million
27%
right
27%
right)
27%
strippers'
27%
track
27%
track,
27%
again
23%
baby,
23%
back"
23%
"Back
23%
Back
23%
back,
23%
back
23%
bank
23%
being
23%
didn't
23%
fuck
23%
(Fuck
23%
kitchen,
23%
old
23%
since
23%
stove
23%
wasn't
23%
year
23%
years
23%
'80s
19%
best,
19%
Blame
19%
boy",
19%
burst
19%
hit
19%
Hit
19%
hood
19%
life
19%
life)
19%
life"
19%
Life")
19%
life),
19%
original
19%
servin'
19%
still
19%
Swervin'
19%
accounts,
15%
bruh
15%
call
15%
come
15%
count
15%
flow
15%
(Flow)
15%
game
15%
hoopty,
15%
"Luda's
15%
mess
15%
remix,
15%
tight
15%
version
15%
virgins
15%
Water
15%
accountants
12%
'gnac
12%
Heat
12%
homies
12%
Khaled
12%
pot
12%
rap
12%
serving
12%
set
12%
sold
12%
spit
12%
tell
12%
verses
12%
worst
12%
boiled,
8%
champion
8%
dope
8%
hung
8%
nowhere,
8%
pull
8%
ridin'
8%
Snoopy
8%
swivel
8%
together
8%
toss
8%
went
8%
while
8%
ask
4%
black,
4%
bone
4%
conjure,
4%
Floss
4%
folks
4%
foolish
4%
gin
4%
holdin'
4%
locked
4%
millions
4%
overload
4%
runnin'
4%
South's
4%
system
4%
"Thug
4%
("Thug
4%
'til
4%
tonight
4%
(Tonight)
4%
trick,
4%
Yellow
4%
armed
0%
bless
0%
bossin'
0%
bust
0%
Clean
0%
cross
0%
Davis
0%
Dirty
0%
Hardaway,
0%
jump
0%
laughing
0%
loco,
0%
Pardon
0%
passenger,
0%
pressure
0%
Represent
0%
Rolls
0%
Royce
0%
sippin'
0%
strapped
0%
trafficking
0%
trap,
0%
whistle
0%
No matching quizzes found
Score Distribution
Percent of People with Each Score
Percentile by Number Answered
Your Score History
You have not taken this quiz